000 00664nam a2200265 a 4500
003 AR-BaBNM
005 20251128210110.0
008 082120s2002 ||||||||||||||000 | spa||
020 _a84-288-1410-4
040 _cAR-BaBNM
100 1 _aTorralba, Francesc
245 0 0 _aPedagogĂ­a del sentido
260 _aMadrid
_bPPC
_c[ca. 1997]
300 _a183 p.
504 _aContiene bibliografĂ­a p. 177-178
650 4 _aFILOSOFIA DE LA EDUCACION
650 4 _aPEDAGOGIA
650 4 _aFINALIDADES DE LA EDUCACION
650 4 _aCONCIENCIA
650 4 _aINDIVIDUO
650 4 _aCOMUNICACION
650 4 _aCOMUNIDADES
942 _cBK
998 _cRaquel
999 _c14036
_d14036